|
|
|
|
| LEADER |
00898nam a2200253 a 4500 |
| 001 |
11612 |
| 003 |
BD-DhAAL |
| 008 |
090415s2000 nyua 001 0 eng d |
| 999 |
|
|
|c 194
|d 194
|
| 010 |
|
|
|a 2004042209
|
| 020 |
|
|
|a 9971512939
|
| 040 |
|
|
|a DLC
|c DLC
|d DLC
|d BD-DhAAL
|
| 082 |
0 |
0 |
|a 658.8
|2 22
|
| 100 |
1 |
|
|a Aaker, David A.
|9 21062
|
| 245 |
1 |
0 |
|a Strategic marketing management /
|c David A. Aaker.
|
| 250 |
|
|
|a Fifth edition
|
| 260 |
|
|
|a Hoboken, NJ :
|b John Wiley,
|c c2005.
|
| 300 |
|
|
|a xii, 356 pages :
|b illustrations ;
|c 23 cm.
|
| 500 |
|
|
|a Includes index.
|
| 541 |
1 |
|
|e 11612
|
| 650 |
|
0 |
|a Marketing
|x Management.
|9 21063
|
| 852 |
|
|
|a Ayesha Abed Library
|c General Stacks
|
| 942 |
|
|
|2 ddc
|c BK
|
| 952 |
|
|
|0 0
|1 0
|2 ddc
|4 0
|6 658_800000000000000_AAK
|7 0
|9 179
|a BRACUL
|b BRACUL
|c GEN
|d 2009-04-29
|g 0.00
|l 1
|o 658.8 AAK
|p 3010011612
|r 2019-04-03
|s 2011-09-18
|t 1
|w 2009-04-29
|y BK
|x No price found in the accession register.
|